| 000 | 00463cam a2200181ua 4500 | ||
|---|---|---|---|
| 001 | 3616 | ||
| 008 | 111126n ii |||gr||||Z||||||eng | ||
| 040 | _cMAIN | ||
| 082 | _a920 | ||
| 100 |
_aChakrabvarty, Basudha, _eAuthor. |
||
| 245 | 1 | 1 |
_aSister Nivedita _cby Basudha Chakravarty |
| 250 | _a1st. | ||
| 260 |
_aNew Delhi: _bNational Book trust,975. |
||
| 300 | _a84p:5cm. | ||
| 653 | _aAutobiography | ||
| 653 | _aAutobiography of Sister Nivedita | ||
| 942 | _cBK | ||
| 999 |
_c3457 _d3457 |
||